| 000 | 00558nam a22001817a 4500 | ||
|---|---|---|---|
| 003 | DO-SdBNP | ||
| 005 | 20171127130417.0 | ||
| 008 | 171127b sp1974u||||| |||| 00| 0 spa d | ||
| 040 |
_aBMPSU _bspa _cBMPSU |
||
| 100 | _aToesca, Y. | ||
| 245 | 1 |
_aLa sociometria en la educación básica / _cY. Toesca |
|
| 260 |
_aMadrid : _bNarcea, _c1974 |
||
| 300 |
_a245 p.: _bil. ; _c19 cm. |
||
| 500 | _aIncluye referencias bibliográficas y notas al pie de las paginas | ||
| 504 | _aBibliografía: p. 241-245 | ||
| 942 |
_2ddc _cBK |
||
| 945 | _aInventariado, 2017/MFF | ||
| 999 |
_c13128 _d13128 |
||